000 00333nam a2200145Ia 4500
008 150201s2012 xx 000 0 und d
082 _a610.733
_bW12P
100 _aPATEL MANSUKH
245 _aWARD PROUDURS
250 _a5TH
260 _bELSEVIER
_aINDIA
_c2012
300 _a350
650 _aWARD MANAGEMENT
942 _2ddc
_cBK
_07
999 _c2068
_d2068